000 00267 a2200085 4500
100 1 _aNemirovskij, M.S..
_eAutor
245 0 _aCifrovaja peredaca informacii v radiosvjazi /
_cNemirovskij M.S..
710 2 _aSvjaz'.
_eWydawca
_4pbl
260 _aMoskva :
_bSvjaz',
_c1980.
300 _a255 s.;
_c24 cm.
999 _c8629
_d8629